Factors influential to early English language education: The case of young language center in Can Tho city Master of education. Program Principles and methods in English language education

This thesis attempts to The impact of language games on grade ten students' memorization of English simple past tense accuracy in their language use

Đã lưu trong:
書目詳細資料
主要作者: Trần, Bảo Ngọc
格式: 圖書
語言:Undetermined
出版: Can Tho Can Tho University 2019
主題:
標簽: 添加標簽
沒有標簽, 成為第一個標記此記錄!
Thư viện lưu trữ: Trung tâm Học liệu Trường Đại học Cần Thơ
LEADER 01088nam a2200229Ia 4500
001 CTU_231652
008 210402s9999 xx 000 0 und d
082 |a 428.24071 
082 |b Ng419 
088 |a 8140111 
100 |a Trần, Bảo Ngọc 
245 0 |a Factors influential to early English language education: The case of young language center in Can Tho city 
245 0 |b Master of education. Program Principles and methods in English language education 
245 0 |c Trẩn Bảo Ngọc ; Phạm Thị Hồng Nhung (Giảng viên hướng dẫn) 
260 |a Can Tho 
260 |b Can Tho University 
260 |c 2019 
520 |a This thesis attempts to The impact of language games on grade ten students' memorization of English simple past tense accuracy in their language use 
650 |a English language,Ngôn ngữ tiếng Anh,Ngôn ngữ tiếng Anh,English language 
650 |x Spoken english,Dạy và học,Nói tiếng Anh,Study and teaching 
910 |a Tuyến 
980 |a Trung tâm Học liệu Trường Đại học Cần Thơ